Statistics for Dominant Trait or not?

Click here to take the quiz!

General Stats

  • This quiz has been taken 14 times
  • The average score is 9 of 15

Answer Stats

QuestionAnswer% Correct
Dark HairDominant
92%
Being Left HandedRecessive
92%
Almond-shaped eyesDominant
85%
Brown EyesDominant
85%
5 fingersDominant
85%
Straight HairRecessive
69%
Being able to roll your tongueDominant
62%
Widow's PeakDominant
54%
Detached EarlobesDominant
46%
Not having webbed fingersRecessive
46%
BaldnessDominant
38%
No Cleft ChinRecessive
38%
FrecklesDominant
31%
AstigmatismDominant
31%
No DimplesRecessive
31%

Score Distribution

Percentile by Number Answered

Percent of People with Each Score

Your Score History

You have not taken this quiz